zpět

Detail výsledku týmu

KARLOS bar - Běchovice, Praha

Datum a čas kvízu

39 Celkem bodů Celkový počet nahraných bodů na tomto kvízu bez doplňovacích otázek.
1. Pořadí na kvízu Konečné umístění týmu na tomto kvízu.

Zaznamenané odpovědi

# Otázka Odpověď Body Výsledky
1. Společnost Czech News Center,... Oldřich Kaiser 1
2. Larry, kocour s oficiální hodn... C) lišku 0
3. Partner Hospodského kvízu, poř... Belladonna 1
4. Elon Musk nepřestává udivovat... parfém 1
5. V pondělí skončil v české nejv... Pavel Vrba, Baník Ostrava 1
6. Lebka člověka se skládá z 22 k... kost temenní 1
7. Jak se jmenuje herec, který zt... Samuel L. Jackson 1
8. Na fotografii vidíte lebku: A)... B) člověka zručného 0
9. Jak se nazývá firma, která vyr... Skullcandy 1
10. Která hudební skupina stojí za... Vypsaná Fixa 1